Плазмохимический синтез наноструктурных оксидных композиций для уранового толерантного ядерного топлива; Физико-технические проблемы в науке, промышленности и медицине

Dades bibliogràfiques
Parent link:Физико-технические проблемы в науке, промышленности и медицине.— 2022.— [С. 56-57]
Autor principal: Кузнецов С. Ю.
Autor corporatiu: Национальный исследовательский Томский политехнический университет Инженерная школа ядерных технологий Отделение ядерно-топливного цикла
Altres autors: Каренгин А. Г. Александр Григорьевич, Беляков Д. М.
Sumari:Заглавие с экрана
Idioma:rus
Publicat: 2022
Col·lecció:Ядерные установки, перспективные ядерные топливные циклы и технологии
Matèries:
Accés en línia:http://earchive.tpu.ru/handle/11683/74524
Format: MixedMaterials Electrònic Capítol de llibre
KOHA link:https://koha.lib.tpu.ru/cgi-bin/koha/opac-detail.pl?biblionumber=635447

MARC

LEADER 00000naa2a2200000 4500
001 635447
005 20231101133849.0
035 |a (RuTPU)RU\TPU\conf\37300 
035 |a RU\TPU\conf\37299 
090 |a 635447 
100 |a 20230124d2022 k y0rusy50 ca 
101 0 |a rus 
102 |a RU 
105 |a y z 101zy 
135 |a drgn ---uucaa 
181 0 |a i  
182 0 |a b 
200 1 |a Плазмохимический синтез наноструктурных оксидных композиций для уранового толерантного ядерного топлива  |f С. Ю. Кузнецов, А. Г. Каренгин, Д. М. Беляков 
203 |a Текст  |c электронный 
225 1 |a Ядерные установки, перспективные ядерные топливные циклы и технологии 
230 |a 1 компьютерный файл (pdf; 698 Kb) 
300 |a Заглавие с экрана 
320 |a Библиогр.: с. 57 (2 назв.)] 
463 0 |0 (RuTPU)RU\TPU\conf\36995  |t Физико-технические проблемы в науке, промышленности и медицине  |o сборник тезисов докладов XI Международной научно-практической конференции, г. Томск, 07–09 сентября 2022 г.  |f Национальный исследовательский Томский политехнический университет, Инженерная школа ядерных технологий ; ред. кол. А. Г. Горюнов, О. Ю. Долматов, А. О. Семенов, Е. С. Сухих  |v [С. 56-57]  |d 2022 
610 1 |a труды учёных ТПУ 
610 1 |a электронный ресурс 
610 1 |a плазмохимический синтез 
610 1 |a урановое топливо 
610 1 |a ядерное топливо 
610 1 |a топливные оксидные композиции 
610 1 |a воздушно-плазменные потоки 
610 1 |a водно-органические растворы 
610 1 |a нитратные растворы 
610 1 |a аварийные ситуации 
700 1 |a Кузнецов  |b С. Ю. 
701 1 |a Каренгин  |b А. Г.  |c физик  |c доцент Томского политехнического университета, кандидат физико-математических наук  |f 1950-  |g Александр Григорьевич  |2 stltpush  |3 (RuTPU)RU\TPU\pers\24286 
701 1 |a Беляков  |b Д. М. 
712 0 2 |a Национальный исследовательский Томский политехнический университет  |b Инженерная школа ядерных технологий  |b Отделение ядерно-топливного цикла  |h 7864  |2 stltpush  |3 (RuTPU)RU\TPU\col\23554 
801 2 |a RU  |b 63413507  |c 20230201  |g RCR 
856 4 |u http://earchive.tpu.ru/handle/11683/74524 
942 |c BK